000 00607nam a22001937a 4500
999 _c5387
_d5387
003 OSt
005 20220412120845.0
008 220412b ||||| |||| 00| 0 eng d
020 _a020100299X
040 _cALUPE UNIVERSITY
050 _aRT82
_b.N68 1984
100 _aBenner, Patricia.
245 _aFrom Novice to Expert
_bExcellence and Power in Clinical Nursing Practice
260 _aCanada
_bAddison-Wesley Publishing Company, Inc.
_cc1984.
300 _avii; 307p.
_c21cm
504 _aIncludes index
700 _aNancy Evans, Lewis, Edith P., Jan de Prosse and Leigh McLellan.
942 _2lcc
_cBK